000 00241nam a2200097Ia 4500
008 230915s9999 xx 000 0 und d
050 _aHF5679.R66 2006
100 _aMARSHALL B. ROMNEY
245 0 _aACCOUNTING INFORMATION SYSTEMS
942 _cBK
999 _c83468
_d83468